[Event "Barcelona Ideal Clave op 21st"]
[Site "Barcelona"]
[Date "2017.11.25"]
[Round "8"]
[White "Gias Ramon, Jose Luis"]
[Black "Ezquerra de la Fuente, Carles"]
[Result "1/2-1/2"]
[WhiteElo "1565"]
[BlackElo "1607"]
[PlyCount "94"]
[EventDate "2017.09.30"]
[EventType "swiss"]
[EventRounds "8"]
[EventCountry "ESP"]
[SourceTitle "CBM 181 Extra"]
[Source "ChessBase"]
[SourceDate "2017.12.12"]
[SourceVersion "1"]
[SourceVersionDate "2017.12.12"]
[SourceQuality "1"]

1. c4 c6 2. Nc3 d5 3. cxd5 cxd5 4. d4 Nf6 5. g3 e6 6. Bg2 Bb4 7. a3 Be7 8. Nf3 0-0 9. 0-0 Nc6 10. e3 b6 11. b4 Bb7 12. Bb2 Rc8 13. Rc1 Qd7 14. Ne5 Qe8 15. Nxc6 Bxc6 16. Qe2 Qd7 17. b5 Bb7 18. Rc2 Rc4 19. Rfc1 Rfc8 20. Bf1 R4c7 21. f3 Bd6 22. Na2 Rxc2 23. Rxc2 Rxc2 24. Qxc2 Qc7 25. Qxc7 Bxc7 26. Nb4 Nd7 27. a4 Kf8 28. Bd3 g6 29. e4 dxe4 30. Bxe4 Bxe4 31. fxe4 Nb8 32. Ba3 Ke8 33. Kf2 Kd7 34. Ke3 Bd6 35. e5 Bxb4 36. Bxb4 a6 37. g4 axb5 38. axb5 Ke8 39. Bd6 Nd7 40. g5 Kd8 41. Ke4 Kc8 42. d5 Kd8 43. Bb4 Kc8 44. Be7 Kc7 45. Bb4 Kc8 46. d6 Kb7 47. Kd4 Kc8 1/2-1/2

[Event "Barcelona Ideal Clave op 21st"]
[Site "Barcelona"]
[Date "2017.11.04"]
[Round "5"]
[White "March Mari, Josep"]
[Black "Gias Ramon, Jose Luis"]
[Result "1/2-1/2"]
[WhiteElo "1519"]
[BlackElo "1565"]
[PlyCount "64"]
[EventDate "2017.09.30"]
[EventType "swiss"]
[EventRounds "8"]
[EventCountry "ESP"]
[SourceTitle "CBM 181 Extra"]
[Source "ChessBase"]
[SourceDate "2017.12.12"]
[SourceVersion "1"]
[SourceVersionDate "2017.12.12"]
[SourceQuality "1"]

1. e4 c6 2. d4 d5 3. e5 Bf5 4. Bd3 e6 5. Nf3 Bxd3 6. Qxd3 g6 7. Be3 Bg7 8. Nfd2 Ne7 9. Bg5 0-0 10. Qh3 Qc7 11. Bf6 Nf5 12. c3 Nd7 13. Bxg7 Nxg7 14. 0-0 c5 15. f4 Rfe8 16. Nf3 Nf8 17. Nbd2 Qe7 18. Qh4 Qxh4 19. Nxh4 cxd4 20. cxd4 Rac8 21. Rac1 Nd7 22. Rc3 Rxc3 23. bxc3 Nb6 24. Rb1 Rc8 25. Rb3 Rc7 26. Nb1 Nc4 27. Kf2 a6 28. a4 Na5 29. Rb6 Nc4 30. Rb3 Na5 31. Rb6 Nc4 32. Rb3 Na5 1/2-1/2

[Event "Barcelona Ideal Clave op 20th"]
[Site "Barcelona"]
[Date "2016.10.29"]
[Round "5"]
[White "Montalban Colell, Bernat"]
[Black "Gias Ramon, Jose Luis"]
[Result "1-0"]
[WhiteElo "1802"]
[BlackElo "1690"]
[PlyCount "67"]
[EventDate "2016.10.01"]
[EventType "swiss"]
[EventRounds "8"]
[EventCountry "ESP"]
[SourceTitle "EXT 2018"]
[Source "ChessBase"]
[SourceDate "2017.10.13"]
[SourceVersion "1"]
[SourceVersionDate "2017.10.13"]
[SourceQuality "1"]

1. e4 c6 2. d4 d5 3. e5 Bf5 4. h4 h6 5. g4 Bh7 6. e6 fxe6 7. Bd3 Bxd3 8. Qxd3 Qd6 9. f4 Nf6 10. Qg6+ Kd8 11. Nf3 Nfd7 12. Ne5 Nxe5 13. fxe5 Qd7 14. 0-0 Qe8 15. Rf7 Kd7 16. Nc3 b5 17. Ne2 Na6 18. Nf4 Nc7 19. Bd2 a5 20. Rf1 c5 21. dxc5 Ra6 22. Nh5 b4 23. Nxg7 Bxg7 24. Qxg7 Rg8 25. Rxe7+ Qxe7 26. Qxg8 Qxh4 27. Rf7+ Kc6 28. Kg2 Ra8 29. Qg6 h5 30. Qxh5 Qxh5 31. gxh5 Rh8 32. h6 d4 33. h7 Nb5 34. Bg5 1-0

[Event "Barcelona Sants op-B 11th"]
[Site "Barcelona"]
[Date "2009.07.17"]
[Round "5"]
[White "Hinarejos Montano, Andres"]
[Black "Gias Ramon, Jose Luis"]
[Result "1-0"]
[WhiteElo "1668"]
[BlackElo "1780"]
[PlyCount "99"]
[EventDate "2009.07.13"]
[EventType "swiss"]
[EventRounds "9"]
[EventCountry "ESP"]
[SourceTitle "EXT 2011"]
[Source "ChessBase"]
[SourceDate "2010.11.26"]
[SourceVersion "1"]
[SourceVersionDate "2010.11.26"]
[SourceQuality "1"]

1. e4 c6 2. Nf3 d5 3. exd5 cxd5 4. d4 Bg4 5. Be2 e6 6. 0-0 Nf6 7. Ne5 Bxe2 8. Qxe2 Nc6 9. c3 Be7 10. Bf4 0-0 11. Nd2 Nd7 12. Rab1 Ndxe5 13. dxe5 a6 14. Qg4 Kh8 15. Nf3 h6 16. Rfe1 g5 17. Bd2 Rg8 18. Nd4 Nxd4 19. cxd4 Rg6 20. Re3 Rc8 21. Bc3 b5 22. a3 a5 23. b4 axb4 24. Bxb4 Bxb4 25. axb4 Rc4 26. h3 Qc7 27. Qd1 Qb6 28. Rd3 f5 29. exf6 Rxf6 30. g3 Qd6 31. Rf3 Qe7 32. Rfb3 Qc7 33. R3b2 Qf7 34. Qd2 Rf3 35. Kg2 Qf6 36. Qe2 Rf5 37. Rd2 Kg7 38. Qe3 Qe7 39. Qa3 Kg6 40. Qd3 Kg7 41. Qa3 Rf7 42. Qe3 Qf6 43. Rb3 Rfc7 44. Rdd3 Rc1 45. Rb2 Ra1 46. Qd2 Rcc1 47. f3 Rh1 48. Kf2 Raf1+ 49. Ke2 Qxf3+ 50. Rxf3 1-0

[Event "Barcelona Ideal Clave op 13th"]
[Site "Barcelona"]
[Date "2007.11.10"]
[Round "6.8"]
[White "Gias Ramon, Jose Luis"]
[Black "Montalban Colell, Bernat"]
[Result "0-1"]
[WhiteElo "1921"]
[BlackElo "1917"]
[PlyCount "110"]
[EventDate "2007.09.29"]
[EventType "swiss"]
[EventRounds "8"]
[EventCountry "ESP"]
[SourceTitle "EXT 2024"]
[Source "ChessBase"]
[SourceDate "2023.10.10"]
[SourceVersion "1"]
[SourceVersionDate "2023.10.10"]
[SourceQuality "1"]

1. c4 e5 2. Nc3 Nf6 3. e4 Bb4 4. Nge2 0-0 5. g3 c5 6. Bg2 Nc6 7. 0-0 d6 8. h3 a6 9. d3 Rb8 10. a4 h6 11. f4 Qa5 12. Be3 Nd4 13. Bxd4 cxd4 14. Na2 Nd7 15. Nxb4 Qxb4 16. b3 Nc5 17. Rb1 Bd7 18. Qc2 Rfc8 19. Rb2 Ra8 20. Rfb1 Bc6 21. Nc1 Qe1+ 22. Kh2 Qe3 23. fxe5 dxe5 24. Qe2 Qxe2 25. Rxe2 b5 26. axb5 axb5 27. b4 Na4 28. Na2 Bd7 29. c5 Be6 30. Rc1 Kf8 31. h4 Nxc5 32. bxc5 Rxa2 33. Rxa2 Bxa2 34. Bh3 Rc7 35. c6 Ke7 36. Ra1 Be6 37. Rb1 Bxh3 38. Kxh3 Rxc6 39. Rxb5 Kd6 40. Rb1 Rc3 41. Rd1 Kc5 42. Kg4 g6 43. h5 Kb4 44. hxg6 fxg6 45. Rh1 h5+ 46. Kg5 Rxd3 47. Kxg6 Rxg3+ 48. Kf5 d3 49. Kxe5 Kc3 50. Kf4 Rg2 51. Rxh5 d2 52. Rd5 Rg1 53. e5 d1Q 54. Rxd1 Rxd1 55. Ke4 Kc4 0-1

[Event "Catalunya-ch"]
[Site "Barcelona"]
[Date "2007.04.06"]
[Round "6"]
[White "Garcia Clemente, Julian Francisco"]
[Black "Gias Ramon, Jose Luis"]
[Result "1-0"]
[WhiteElo "2021"]
[BlackElo "1822"]
[PlyCount "93"]
[EventDate "2007.04.01"]
[EventType "swiss"]
[EventRounds "9"]
[EventCountry "ESP"]
[SourceTitle "CBM 117 Extra"]
[Source "ChessBase"]
[SourceDate "2007.05.09"]
[SourceVersion "1"]
[SourceVersionDate "2007.05.09"]
[SourceQuality "1"]

1. e4 c6 2. d4 d5 3. exd5 cxd5 4. c4 Nf6 5. Nc3 e6 6. Nf3 Nc6 7. Bd3 Nb4 8. Bb1 dxc4 9. Ne5 Nbd5 10. 0-0 Nxc3 11. bxc3 Qa5 12. Bd2 Qd5 13. Qe2 Bd7 14. Nxd7 Qxd7 15. Qxc4 Be7 16. Bc2 Rc8 17. Qd3 0-0 18. Rfe1 g6 19. h4 Kh8 20. Rab1 Qc7 21. Qf3 b6 22. Bg5 Ng8 23. Bxe7 Qxe7 24. h5 Qf6 25. Qd3 Rc7 26. Re3 Rfc8 27. Rb3 Qf5 28. Qd2 Qxh5 29. Rh3 Qa5 30. Bb1 Qd5 31. Qf4 Re7 32. Be4 Qa5 33. Qh2 f5 34. Bb1 e5 35. dxe5 Qxe5 36. Rxh7+ Rxh7 37. Qxe5+ Rg7 38. Rb4 Ne7 39. Rh4+ Kg8 40. Qe6+ Rf7 41. Rh8+ Kxh8 42. Qxf7 Rc7 43. Qf6+ Kh7 44. Qh4+ Kg7 45. Qd4+ Kh7 46. Bc2 Nc6 47. Qd6 1-0

[Event "Catalunya-ch"]
[Site "Barcelona"]
[Date "2007.04.03"]
[Round "3"]
[White "Gias Ramon, Jose Luis"]
[Black "Quiles Olive, Manuel"]
[Result "0-1"]
[WhiteElo "1822"]
[BlackElo "1946"]
[PlyCount "122"]
[EventDate "2007.04.01"]
[EventType "swiss"]
[EventRounds "9"]
[EventCountry "ESP"]
[SourceTitle "CBM 117 Extra"]
[Source "ChessBase"]
[SourceDate "2007.05.09"]
[SourceVersion "1"]
[SourceVersionDate "2007.05.09"]
[SourceQuality "1"]

1. c4 f5 2. Nc3 Nf6 3. d4 e6 4. g3 Bb4 5. Bd2 Nc6 6. e3 d5 7. a3 Bxc3 8. Bxc3 0-0 9. Bg2 Ne4 10. Bxe4 fxe4 11. b3 Qf6 12. Qe2 Bd7 13. h4 a5 14. c5 Ra6 15. Rb1 Na7 16. a4 Nc6 17. Nh3 e5 18. dxe5 Nxe5 19. Bxe5 Qxe5 20. Qd2 Bxh3 21. Rxh3 Raf6 22. Rh2 b6 23. Rd1 Rd8 24. Qd4 Qxd4 25. exd4 bxc5 26. dxc5 Rf3 27. Rb1 d4 28. Kd2 Rd5 29. b4 Ra3 30. Rb2 Rxa4 31. bxa5 Rxa5 32. Rh1 Rdxc5 33. Re1 Re5 34. Rc1 Rac5 35. Rxc5 Rxc5 36. Rb4 Rd5 37. Rb8+ Kf7 38. Rc8 Rd7 39. Ra8 Ke6 40. Ra5 c6 41. g4 Rf7 42. Ke2 Kd6 43. h5 c5 44. Ra8 Rf4 45. g5 Rf7 46. Re8 Kd5 47. Rd8+ Kc4 48. Rd6 Rf5 49. h6 Rxg5 50. hxg7 Rxg7 51. Rh6 Rd7 52. Rh3 d3+ 53. Kd2 Kd4 54. Rh4 c4 55. f3 c3+ 56. Kc1 Re7 57. fxe4 Rxe4 58. Rh1 Kc4 59. Kd1 Kb3 60. Rxh7 Rb4 61. Rh2 Ra4 0-1

[Event "Catalunya-ch"]
[Site "Barcelona"]
[Date "2007.04.01"]
[Round "1"]
[White "Gias Ramon, Jose Luis"]
[Black "Molinero Martin, Joan"]
[Result "1/2-1/2"]
[WhiteElo "1822"]
[BlackElo "2084"]
[PlyCount "150"]
[EventDate "2007.04.01"]
[EventType "swiss"]
[EventRounds "9"]
[EventCountry "ESP"]
[SourceTitle "CBM 117 Extra"]
[Source "ChessBase"]
[SourceDate "2007.05.09"]
[SourceVersion "1"]
[SourceVersionDate "2007.05.09"]
[SourceQuality "1"]

1. c4 e5 2. Nc3 Nf6 3. e4 Bc5 4. d3 h6 5. Na4 Bd4 6. Ne2 Qe7 7. Nxd4 exd4 8. b3 d5 9. cxd5 b5 10. Nb2 Nxd5 11. Be2 Nc3 12. Qc2 f5 13. Bh5+ Kf8 14. Bf3 Bb7 15. 0-0 Nc6 16. a3 Ne5 17. Nd1 fxe4 18. Be2 Nxe2+ 19. Qxe2 Nxd3 20. Nb2 Nxc1 21. Qxb5 c6 22. Qf5+ Qf6 23. Qxf6+ gxf6 24. Rfxc1 Rd8 25. Nc4 Ba8 26. Na5 Rd6 27. Rc5 Rg8 28. h4 Rg4 29. g3 e3 30. Kf1 d3 31. Nc4 e2+ 32. Ke1 Re6 33. Kd2 Rd4 34. Ne3 Rd7 35. Rac1 Re5 36. R5c3 c5 37. Rxd3 Rxd3+ 38. Kxd3 Bf3 39. Kd2 a5 40. Rc3 Bh5 41. Ke1 f5 42. Nc4 Rd5 43. f3 a4 44. bxa4 Be8 45. Kxe2 Bxa4 46. Ke3 Bb5 47. a4 Ba6 48. Nb6 Rd6 49. a5 c4 50. Kf4 Kf7 51. Kxf5 Rd3 52. Na4 Rd5+ 53. Ke4 Rxa5 54. Nb2 Ke6 55. g4 Re5+ 56. Kf4 Rb5 57. Nd1 Kd5 58. Ne3+ Kd4 59. Rxc4+ Kd3 60. Ra4 Bb7 61. Nf5 Rb6 62. Rd4+ Ke2 63. Rd6 Rb4+ 64. Nd4+ Kf2 65. g5 hxg5+ 66. hxg5 Bxf3 67. Ke5 Bh5 68. Kf6 Rb8 69. Ne6 Kg3 70. Rd8 Rb7 71. Ke5 Rb5+ 72. Rd5 Rxd5+ 73. Kxd5 Bf7 74. Ke5 Kh4 75. Kf6 Bxe6 1/2-1/2

[Event "Ideal Clave op 7th"]
[Site "Barcelona"]
[Date "2001.11.17"]
[Round "7"]
[White "Gias Ramon, Jose Luis"]
[Black "Izquierdo Cazorla, Miguel"]
[Result "1/2-1/2"]
[WhiteElo "1700"]
[BlackElo "1750"]
[PlyCount "78"]
[EventDate "2001.09.29"]
[EventType "swiss"]
[EventRounds "8"]
[EventCountry "ESP"]
[SourceTitle "EXT 2003"]
[Source "ChessBase"]
[SourceDate "2002.11.25"]
[SourceVersion "1"]
[SourceVersionDate "2002.11.25"]
[SourceQuality "1"]

1. c4 d5 2. cxd5 Nf6 3. e3 Nxd5 4. Nf3 e6 5. Bc4 Nb6 6. Bb3 Bd7 7. 0-0 Bb5 8. Re1 Qf6 9. d4 Nc6 10. Nc3 Ba6 11. Ne4 Qg6 12. Bc2 f5 13. Ng3 0-0-0 14. Bd2 h5 15. a3 h4 16. Ne2 h3 17. Nf4 Qf6 18. Nxh3 Rxh3 19. gxh3 Qg6+ 20. Kh1 Bd6 21. Rg1 Qf6 22. Rg2 Rh8 23. h4 Ne7 24. Qg1 g6 25. Ne5 Be2 26. f4 Bh5 27. Bd1 Bxe5 28. dxe5 Qxh4 29. Qf2 Qh3 30. Rg3 Qh4 31. Qg2 Bxd1 32. Rxd1 Qh5 33. Rf1 Nc4 34. Rff3 Qh7 35. Rh3 Qg8 36. Rxh8 Qxh8 37. Rh3 Qd8 38. Bc1 Qd1+ 39. Qg1 Qd5+ 1/2-1/2